20 Countries Closest to Cameroon - Statistics

General Stats
  • This quiz has been taken 24 times
  • The average score is 16 of 20
Answer Stats
Miles away Answer % Correct
0 Chad
100%
0 Equatorial Guinea
100%
763 Niger
95%
699 Benin
90%
0 Nigeria
90%
0 Republic of the Congo
90%
1004 Burkina Faso
86%
0 Central African Republic
86%
0 Gabon
86%
1226 Ivory Coast
86%
793 Togo
86%
1307 Mali
81%
1299 South Sudan
76%
1271 Sudan
76%
916 Ghana
71%
1348 Libya
71%
634 Sao Tome and Principe
71%
1337 Angola
67%
1420 Burundi
52%
1368 Rwanda
52%
No matching quizzes found
Score Distribution
Percent of People with Each Score
Percentile by Number Answered
Your Score History
You have not taken this quiz